000 00551nam a22002057a 4500
003 OSt
005 20140310182828.0
008 130530t xxu||||| |||| 00| 0 eng d
020 _a9781405168878
050 _aBJ 1251
_b.W453 2010
082 _aM 241
_bW456 2010
245 _aChristian Ethics:
_b An Introductory Reader
_cWells, Samuel
260 _aUnited Kingdom
_bBlackwell Publishing Ltd.
_c2010
300 _a338 p.
521 _acollege students
526 _c1210L-1700L
541 _j1
562 _e1
942 _2lcc
_cBK-RES
_kM
999 _c16550
_d16550